000 00502nam a2200205Ia 4500
005 20250425162308.0
008 250425s9999 xx 000 0 und d
020 _a193069954.9
041 _aeng
082 _a658.404
245 0 _aTHE STANDARD FOR PROGRAM MANAGEMENT
250 _aS.E.
260 _aEstados Unidos
_bPROYECT MANAGEMENT INSTITUTE
_c2006
260 _aS.L.
300 _a109
650 _aADMINISTRACION DE PROYECTOS
650 _aGERENCIA
942 _c01
010 _a60151
999 _c226290
_d226290